ბათუმის შოთა რუსთაველის სახელმწიფო უნივერსიტეტის ბიბლიოთეკა

Revenge of the Middle -Aged Woman. (ბიბ.ჩანაწერი № 46009)

000 -LEADER
fixed length control field 00453nam a2200193Ia 4500
001 - CONTROL NUMBER
control field 12839
003 - CONTROL NUMBER IDENTIFIER
control field GE_BSU
008 - FIXED-LENGTH DATA ELEMENTS--GENERAL INFORMATION
fixed length control field 181216s||||||||xx |||||||||||||| ||und||
040 ## - CATALOGING SOURCE
Transcribing agency GE_BSU
080 ## - UNIVERSAL DECIMAL CLASSIFICATION NUMBER
Universal Decimal Classification number 821.111-32
100 ## - MAIN ENTRY--PERSONAL NAME
Personal name Buchan,Elizabeth.
245 ## - TITLE STATEMENT
Title Revenge of the Middle -Aged Woman.
260 ## - PUBLICATION, DISTRIBUTION, ETC.
Place of publication, distribution, etc. London.
260 ## - PUBLICATION, DISTRIBUTION, ETC.
Name of publisher, distributor, etc. Penguin Books.
260 ## - PUBLICATION, DISTRIBUTION, ETC.
Date of publication, distribution, etc. 2002
300 ## - PHYSICAL DESCRIPTION
Extent 357p;18cm.
653 ## - INDEX TERM--UNCONTROLLED
Uncontrolled term Revenge of the Middle -Aged Woman.
942 ## - ADDED ENTRY ELEMENTS (KOHA)
Koha item type წიგნი
ეგზემპლარები
Withdrawn status Lost status Damaged status Not for loan Date acquired Barcode Date last seen Price effective from Koha item type
        2018-12-17 36372 2018-12-17 2018-12-17 წიგნი